<?xml version="1.0" encoding="UTF-8"?>
<record
    xmlns:xsi="http://www.w3.org/2001/XMLSchema-instance"
    xsi:schemaLocation="http://www.loc.gov/MARC21/slim http://www.loc.gov/standards/marcxml/schema/MARC21slim.xsd"
    xmlns="http://www.loc.gov/MARC21/slim">

  <leader>00240nam a22001097a 4500</leader>
  <datafield tag="999" ind1=" " ind2=" ">
    <subfield code="c">65032</subfield>
    <subfield code="d">65029</subfield>
  </datafield>
  <datafield tag="082" ind1=" " ind2=" ">
    <subfield code="a">297.242 &#x627; &#x628; &#x62F;</subfield>
  </datafield>
  <datafield tag="100" ind1=" " ind2=" ">
    <subfield code="a">&#x639;&#x628;&#x62F;&#x627;&#x644;&#x644;&#x6C1;</subfield>
  </datafield>
  <datafield tag="245" ind1=" " ind2=" ">
    <subfield code="a">&#x635;&#x62D;&#x6CC;&#x62D; &#x628;&#x62E;&#x627;&#x631;&#x6CC; &#x634;&#x631;&#x6CC;&#x641;</subfield>
  </datafield>
  <datafield tag="260" ind1=" " ind2=" ">
    <subfield code="a">&#x62D;&#x6CC;&#x62F;&#x631;&#x622;&#x628;&#x627;&#x62F;</subfield>
  </datafield>
  <datafield tag="300" ind1=" " ind2=" ">
    <subfield code="a">&#x6F4;&#x6F9;&#x6F5;p</subfield>
  </datafield>
  <datafield tag="942" ind1=" " ind2=" ">
    <subfield code="c">BK</subfield>
  </datafield>
  <datafield tag="952" ind1=" " ind2=" ">
    <subfield code="0">0</subfield>
    <subfield code="1">0</subfield>
    <subfield code="4">0</subfield>
    <subfield code="7">0</subfield>
    <subfield code="8">REF</subfield>
    <subfield code="a">REF</subfield>
    <subfield code="b">REF</subfield>
    <subfield code="d">2019-07-04</subfield>
    <subfield code="l">0</subfield>
    <subfield code="o">297.242 &#x627; &#x628; &#x62F;    (Shelf - 18B)</subfield>
    <subfield code="p">R22031</subfield>
    <subfield code="r">2019-07-04 00:00:00</subfield>
    <subfield code="y">BK</subfield>
  </datafield>
</record>
